[Event "2nd EUR-ch (w)"]
[Site "Warsaw POL"]
[Date "2001.04.22"]
[Round "1.46"]
[White "Rantanen, Tanja"]
[Black "Mkrtchian, Lilit"]
[Result "0-1"]
[WhiteElo "2149"]
[BlackElo "2344"]
[EventDate "2001.04.21"]
[PlyCount "84"]

1.e4 e6 2.d4 d5 3.exd5 exd5 4.Bd3 Nf6 5.Nf3 Bd6 6.O-O O-O 7.Bg5 Bg4 8.Nbd2
Nbd7 9.c4 dxc4 10.Nxc4 Nb6 11.Nxb6 axb6 12.Be4 c6 13.Qd3 h6 14.Bh4 Be7 15.
Rfe1 Nxe4 16.Qxe4 Be6 17.Bxe7 Qxe7 18.Qe3 Qc7 19.a3 Rfd8 20.h3 Ra5 21.Red1
Rad5 22.Rd2 Qe7 23.Rc1 Qf6 24.b4 Qg6 25.Ne5 Qg5 26.f4 Qe7 27.Qf2 f6 28.Nc4
Qc7 29.Qe3 Bf7 30.Nb2 Re8 31.Qf3 Qd8 32.Rcd1 Bh5 33.g4 Bf7 34.Na4 Rd7 35.
Nc3 Bb3 36.Rc1 Rxd4 37.Rxd4 Qxd4+ 38.Qf2 Qd3 39.Re1 Rxe1+ 40.Qxe1 Qxh3 41.
Qe8+ Kh7 42.Qe4+ Kh8 0-1

[Event "2nd EUR-ch (w)"]
[Site "Warsaw POL"]
[Date "2001.04.22"]
[Round "1.47"]
[White "Ionescu-Brandis, Irina"]
[Black "Kucypera, Anna"]
[Result "1-0"]
[WhiteElo "2339"]
[BlackElo "2145"]
[EventDate "2001.04.21"]
[PlyCount "65"]

1.e4 c5 2.g3 g6 3.Bg2 Bg7 4.d3 Nc6 5.f4 d6 6.Nf3 Nf6 7.O-O O-O 8.h3 Rb8 9.
g4 b5 10.f5 Bb7 11.Qe1 Qb6 12.Kh1 Rfe8 13.Qh4 Nb4 14.Ne1 c4 15.Nc3 Nd7 16.
Bg5 Nf6 17.Bh6 Bh8 18.Rd1 Na6 19.Ne2 Rbc8 20.Qg3 Nc5 21.h4 Nfd7 22.b3 cxd3
23.cxd3 Qa5 24.fxg6 hxg6 25.Qf2 f6 26.h5 Ne5 27.hxg6 Nxg4 28.Qh4 Nxh6 29.
Qxh6 Bg7 30.Qh7+ Kf8 31.Nf4 e5 32.Nh5 Qc7 33.Nxf6 1-0

[Event "2nd EUR-ch (w)"]
[Site "Warsaw POL"]
[Date "2001.04.22"]
[Round "1.48"]
[White "Saljova-Orsagova, Silvie"]
[Black "Radziewicz, Iweta"]
[Result "0-1"]
[WhiteElo "2142"]
[BlackElo "2345"]
[EventDate "2001.04.21"]
[PlyCount "96"]

1.d4 e6 2.c4 c5 3.d5 exd5 4.cxd5 d6 5.Nc3 a6 6.a4 g6 7.e4 Bg7 8.Bd3 Ne7 9.
Nge2 O-O 10.O-O Nd7 11.Rb1 f5 12.Bg5 Ne5 13.Ng3 f4 14.Nh1 f3 15.g3 h6 16.
Bf4 Nxd3 17.Qxd3 g5 18.Bd2 Ng6 19.Rfe1 Ne5 20.Qf1 Qe8 21.g4 Bxg4 22.Ng3 
Qg6 23.Nd1 Bd7 24.b3 Rae8 25.Ne3 Ng4 26.Nef5 Bd4 27.Nxd4 cxd4 28.Qd3 h5 
29.Qxd4 h4 30.Nf1 Nf6 31.Rbc1 Qh5 32.Kh1 Bh3 33.e5 Qg4 34.Qxg4 Nxg4 35.Kg1
Nxe5 36.Bxg5 Nd3 37.Rxe8 Rxe8 38.Ra1 Re4 39.Ne3 Ne5 40.Rc1 Rb4 41.Nc4 b5 
42.axb5 axb5 43.Bd2 Rxb3 44.Nxd6 Rd3 45.Bc3 Ng6 46.Nxb5 Nf4 47.Re1 Ne2+ 
48.Rxe2 fxe2 0-1

[Event "2nd EUR-ch (w)"]
[Site "Warsaw POL"]
[Date "2001.04.22"]
[Round "1.49"]
[White "Petrenko, Svetlana"]
[Black "Ismailova, Parvana"]
[Result "1-0"]
[WhiteElo "2336"]
[BlackElo "2140"]
[EventDate "2001.04.21"]
[PlyCount "121"]

1.e4 c5 2.Nf3 d6 3.d4 cxd4 4.Nxd4 a6 5.c4 g6 6.Nc3 Bg7 7.Be3 Nf6 8.Be2 O-O
9.O-O b6 10.f3 Bb7 11.Qd2 Nc6 12.Nc2 Rc8 13.Bh6 Ne5 14.Bxg7 Kxg7 15.Ne3 
Qc7 16.Rac1 Qc5 17.Nd5 Nc6 18.Rfd1 a5 19.Kh1 Rfd8 20.Qc3 e5 21.Nxf6 Nd4 
22.Neg4 h5 23.Qd2 hxg4 24.Nxg4 Rh8 25.Bd3 Rh5 26.Rf1 Rch8 27.h3 Bc8 28.Qf2
Be6 29.Qg3 Qc8 30.Kg1 Qc5 31.Qf2 Kf8 32.a3 Ke7 33.b4 axb4 34.axb4 Qxb4 35.
Ra1 Qc3 36.Ra7+ Kf8 37.Rd1 Bxc4 38.Bxc4 Qxc4 39.Nf6 Rg5 40.Ra8+ Kg7 41.
Rxh8 Kxf6 42.Kh2 Kg7 43.Rd8 Qc7 44.Ra8 b5 45.f4 Rh5 46.fxe5 dxe5 47.Rf1 
Qe7 48.Qa2 Ne6 49.Qd5 Nd4 50.Rb8 Ne6 51.Rb7 Qe8 52.Qxb5 Qxb5 53.Rxb5 Ng5 
54.Rb7 Kf8 55.Rb5 Nxe4 56.g4 Rg5 57.Rb7 Ke8 58.Rfxf7 Nd6 59.Rbe7+ Kd8 60.
Rh7 Ne8 61.Ra7 1-0

[Event "2nd EUR-ch (w)"]
[Site "Warsaw POL"]
[Date "2001.04.22"]
[Round "1.50"]
[White "Winter, Astrid"]
[Black "Slavina, Irina"]
[Result "0-1"]
[WhiteElo "2135"]
[BlackElo "2332"]
[EventDate "2001.04.21"]
[PlyCount "88"]

1.e4 c5 2.Nf3 Nc6 3.d4 cxd4 4.Nxd4 Nf6 5.Nc3 d6 6.Be2 g6 7.Be3 Bg7 8.O-O 
O-O 9.Qd2 Ng4 10.Nxc6 bxc6 11.Bg5 Rb8 12.h3 Nf6 13.Rab1 Be6 14.Bd3 Re8 15.
b3 Qb6 16.Ne2 Qb4 17.c4 a5 18.Rfd1 Qxd2 19.Bxd2 Ra8 20.Bc3 c5 21.Bc2 a4 
22.e5 dxe5 23.Bxe5 axb3 24.axb3 Ra2 25.Rb2 Rea8 26.Rdb1 Bh6 27.Nc3 Rxb2 
28.Rxb2 Nd7 29.Bg3 f5 30.f4 Nf6 31.Rb1 Nh5 32.Bf2 Nxf4 33.Bxc5 Bg7 34.Na4 
Kf7 35.Re1 Bf6 36.Be3 Nh5 37.Kf2 Bh4+ 38.Ke2 Bxe1 39.Kxe1 Bd7 40.Nb6 Ra1+ 
41.Kd2 Bc6 42.g4 Ng3 43.Bd4 Rh1 44.gxf5 Rh2+ 0-1

[Event "2nd EUR-ch (w)"]
[Site "Warsaw POL"]
[Date "2001.04.22"]
[Round "1.51"]
[White "Kosintseva, Tatiana"]
[Black "Lomakina, Galia"]
[Result "1-0"]
[WhiteElo "2333"]
[BlackElo "2134"]
[EventDate "2001.04.21"]
[PlyCount "81"]

1.e4 d6 2.d4 Nf6 3.Nc3 g6 4.Be3 Bg7 5.Qd2 Nc6 6.f3 O-O 7.O-O-O a6 8.Bh6 b5
9.h4 e5 10.d5 Nd4 11.Nce2 c5 12.c3 Nxe2+ 13.Nxe2 Bd7 14.h5 Qe7 15.Ng3 c4 
16.Be2 Rfc8 17.Bxg7 Kxg7 18.hxg6 fxg6 19.f4 exf4 20.Qxf4 b4 21.Rdf1 Ng8 
22.Qe3 Qe5 23.Nh5+ Kh8 24.Nf4 Kg7 25.Nh5+ Kh8 26.Rf7 Be8 27.Rxh7+ Kxh7 28.
Nf4+ Nh6 29.Ne6 g5 30.Nxg5+ Kg8 31.Rxh6 bxc3 32.bxc3 Rc7 33.Bg4 Rg7 34.
Be6+ Kf8 35.Nf3 Qg3 36.Rh8+ Ke7 37.Bh3 Rf7 38.Qb6 Qf4+ 39.Kb2 Bd7 40.Rxa8 
Bxh3 41.Qd8# 1-0

[Event "2nd EUR-ch (w)"]
[Site "Warsaw POL"]
[Date "2001.04.22"]
[Round "1.52"]
[White "Szymanowska, Karolina"]
[Black "Cosma, Elena-Luminita"]
[Result "0-1"]
[WhiteElo "2130"]
[BlackElo "2331"]
[EventDate "2001.04.21"]
[PlyCount "64"]

1.e4 c5 2.Nf3 Nc6 3.d4 cxd4 4.Nxd4 Qc7 5.Be3 e6 6.Be2 a6 7.Nd2 Nf6 8.O-O 
Nxd4 9.Bxd4 e5 10.Be3 d5 11.Bd3 Be7 12.Bg5 dxe4 13.Bxe4 Nxe4 14.Nxe4 f6 
15.Be3 Be6 16.f4 Qc6 17.Nc3 exf4 18.Bxf4 O-O 19.Kh1 Rfe8 20.Qh5 Bf7 21.Qg4
Rad8 22.Rae1 Bf8 23.Qg3 Bg6 24.Rxe8 Rxe8 25.Qf2 b5 26.a3 a5 27.h3 b4 28.
axb4 axb4 29.Na2 Qxc2 30.Qd4 Re4 31.Qd5+ Bf7 32.Qa8 Re8 0-1

[Event "2nd EUR-ch (w)"]
[Site "Warsaw POL"]
[Date "2001.04.22"]
[Round "1.54"]
[White "Reszka, Malgorzata"]
[Black "Korbut, Ekaterina"]
[Result "0-1"]
[WhiteElo "2119"]
[BlackElo "2330"]
[EventDate "2001.04.21"]
[PlyCount "62"]

1.e4 c5 2.Nf3 Nc6 3.d4 cxd4 4.Nxd4 e5 5.Nb5 d6 6.N1c3 a6 7.Na3 b5 8.Nd5 
Nf6 9.Bg5 Be7 10.Bxf6 Bxf6 11.c3 Bb7 12.Nc2 Nb8 13.a4 bxa4 14.Rxa4 O-O 15.
Be2 Nd7 16.b4 Nb6 17.Ra5 Nxd5 18.exd5 e4 19.Ra3 a5 20.b5 Be5 21.O-O Qg5 
22.c4 Bc8 23.Nd4 a4 24.Kh1 Qh6 25.g3 Bh3 26.Rg1 Qf6 27.Nc6 Bb2 28.Rxa4 
Rxa4 29.Qxa4 Qxf2 30.Qc2 Bg4 31.Qxb2 Bxe2 0-1

[Event "2nd EUR-ch (w)"]
[Site "Warsaw POL"]
[Date "2001.04.22"]
[Round "1.55"]
[White "Pokorna, Regina"]
[Black "Andersson, Christin"]
[Result "1-0"]
[WhiteElo "2376"]
[BlackElo "2115"]
[EventDate "2001.04.21"]
[PlyCount "123"]

1.e4 e6 2.d4 d5 3.Nd2 c5 4.exd5 exd5 5.Ngf3 Nc6 6.Bb5 Qe7+ 7.Be2 Bf5 8.O-O
O-O-O 9.dxc5 Qxc5 10.c3 Nf6 11.Nb3 Qe7 12.Nfd4 Qd7 13.Nxc6 bxc6 14.Ba6+ 
Kb8 15.Bf4+ Bd6 16.Nc5 Qc7 17.Bxd6 Rxd6 18.a4 Ne4 19.Nxe4 Bxe4 20.a5 Rg6 
21.f3 Bf5 22.Ra4 Ka8 23.Re1 Rb8 24.b4 Rh6 25.g3 Rg6 26.Bf1 Qd6 27.Ra2 Re6 
28.Rae2 Rbe8 29.Qd4 Rxe2 30.Rxe2 Rxe2 31.Bxe2 f6 32.Kf2 Kb8 33.Qe3 Be6 34.
Bd3 g6 35.Qd4 Bd7 36.f4 Bc8 37.Be2 Bd7 38.Bf3 Bc8 39.Qd2 Qe6 40.Qb2 Ba6 
41.Qd2 Qf5 42.g4 Qe6 43.Qd4 Qe7 44.h4 Kb7 45.g5 fxg5 46.hxg5 Kc8 47.Qh8+ 
Kc7 48.Qd4 Kd8 49.Bg4 h5 50.gxh6 Qh4+ 51.Kf3 Qh1+ 52.Kg3 Qe1+ 53.Qf2 Qxc3+
54.Bf3 g5 55.fxg5 Qe5+ 56.Kg4 Bc8+ 57.Kh5 Qf4 58.Qg2 Ke8 59.h7 Qf7+ 60.g6 
Qf5+ 61.Kh6 Qf4+ 62.Qg5 1-0

[Event "2nd EUR-ch (w)"]
[Site "Warsaw POL"]
[Date "2001.04.22"]
[Round "1.56"]
[White "Guzik, Jolanta"]
[Black "Khukhashvili, Sopiko"]
[Result "0-1"]
[WhiteElo "2111"]
[BlackElo "2326"]
[EventDate "2001.04.21"]
[PlyCount "60"]

1.c4 e6 2.Nc3 Nf6 3.Nf3 d5 4.d4 dxc4 5.e3 c5 6.Bxc4 a6 7.a4 Nc6 8.O-O cxd4
9.Nxd4 Bd7 10.Qe2 Qc7 11.Nf3 Bd6 12.h3 Rc8 13.Rd1 Ne5 14.Bd3 h6 15.Bd2 O-O
16.Rac1 Qb8 17.Bb1 Rfd8 18.b3 Ba3 19.Rc2 Nc6 20.Bc1 Be7 21.Bb2 Na5 22.Ba2 
b5 23.Rcd2 Bb4 24.Rd3 bxa4 25.Nxa4 Nd5 26.Be5 Qb7 27.Qb2 f6 28.Bd4 Bb5 29.
Bb1 Bxd3 30.Bxd3 e5 0-1

[Event "2nd EUR-ch (w)"]
[Site "Warsaw POL"]
[Date "2001.04.22"]
[Round "1.57"]
[White "Lopatskaya, Elena"]
[Black "Tallova, Ivana"]
[Result "0-1"]
[WhiteElo "2323"]
[BlackElo "2108"]
[EventDate "2001.04.21"]
[PlyCount "96"]

1.Nf3 Nf6 2.b3 g6 3.Bb2 Bg7 4.g3 c5 5.c4 Nc6 6.Bg2 d6 7.O-O e5 8.Nc3 O-O 
9.d3 Ne8 10.Ne1 Nc7 11.e3 Be6 12.Nd5 Qd7 13.a3 f5 14.Nc2 Bf7 15.Nxc7 Qxc7 
16.Rb1 Rad8 17.e4 Be6 18.exf5 Bxf5 19.Ne3 Be6 20.Bd5 Qd7 21.b4 Bxd5 22.
Nxd5 Ne7 23.Nc3 Nf5 24.Ne4 cxb4 25.axb4 d5 26.Nc5 Qc8 27.cxd5 Rxd5 28.Qb3 
Rd8 29.Ra1 b6 30.Ne4 Kh8 31.Rxa7 Rxd3 32.Qa2 h6 33.Rxg7 Nxg7 34.Bxe5 Qf5 
35.Qa1 Qxe4 36.Bxg7+ Kh7 37.Bf6 R8d7 38.f3 Qe3+ 39.Kh1 Qe2 40.Qe1 Qxe1 41.
Rxe1 Rxf3 42.Re7+ Rxe7 43.Bxe7 Rf2 44.Kg1 Rc2 45.h4 Kg7 46.Kf1 Kf7 47.Bd8 
b5 48.Bb6 Ke6 0-1

[Event "2nd EUR-ch (w)"]
[Site "Warsaw POL"]
[Date "2001.04.22"]
[Round "1.59"]
[White "Mashinskaya, Yulia"]
[Black "Toma, Katarzyna"]
[Result "1-0"]
[WhiteElo "2318"]
[BlackElo "2101"]
[EventDate "2001.04.21"]
[PlyCount "85"]

1.Nf3 Nf6 2.c4 g6 3.b4 d5 4.e3 Bg7 5.Bb2 O-O 6.Be2 a5 7.b5 Nbd7 8.a4 dxc4 
9.Bxc4 Nb6 10.Be2 Nfd5 11.Bxg7 Kxg7 12.O-O Nb4 13.d4 Bf5 14.Nc3 c6 15.bxc6
bxc6 16.e4 Be6 17.Rc1 Qd6 18.d5 cxd5 19.Nb5 Qd8 20.Qd4+ Kg8 21.Nc7 dxe4 
22.Qxb6 exf3 23.Bxf3 Rb8 24.Qxa5 Bb3 25.Rc3 Ba2 26.Rd1 Qc8 27.Nd5 Qa6 28.
Nxe7+ Kg7 29.Qxa6 Nxa6 30.Nc6 Rb3 31.Rdc1 Rxc3 32.Rxc3 Re8 33.h3 Rc8 34.
Ra3 Be6 35.Kh2 g5 36.Nd4 Bd7 37.Be2 Nc5 38.a5 Ra8 39.a6 Bc8 40.a7 Bb7 41.
Nb5 Ne6 42.Bg4 Bc6 43.Bxe6 1-0

[Event "2nd EUR-ch (w)"]
[Site "Warsaw POL"]
[Date "2001.04.22"]
[Round "1.60"]
[White "Sosnowska, Elzbieta"]
[Black "Umanskaya, Irina"]
[Result "0-1"]
[WhiteElo "2095"]
[BlackElo "2313"]
[EventDate "2001.04.21"]
[PlyCount "130"]

1.e4 c5 2.Nf3 Nc6 3.d4 cxd4 4.Nxd4 e5 5.Nb5 d6 6.a4 Be6 7.N1c3 a6 8.Na3 
Be7 9.Nc4 Rc8 10.Nd5 Bxd5 11.exd5 Nb8 12.Be3 Nd7 13.a5 f5 14.Be2 Ngf6 15.
O-O O-O 16.f4 exf4 17.Bxf4 Ne4 18.c3 Qc7 19.Be3 Rce8 20.Nb6 Ne5 21.Bf3 
Nxf3+ 22.Rxf3 Bg5 23.Bd4 Bf6 24.Ra4 Qe7 25.h3 Bxd4+ 26.Rxd4 Ng5 27.Rf2 Ne4
28.Rf3 Qg5 29.Nc4 Qg6 30.Kh2 Ng5 31.Rf2 Ne4 32.Rf3 Ng5 33.Rf2 Re7 34.Qd3 
Ne4 35.Rf3 Ng5 36.Rf2 Ne4 37.Rf3 Nc5 38.Qf1 Ref7 39.Rdf4 Ne4 40.b4 Rf6 41.
Qd3 Qh6 42.Nb6 g5 43.Rxf5 Rxf5 44.Rxf5 Rxf5 45.Qxe4 Re5 46.Qg4 Re7 47.c4 
Qf6 48.c5 dxc5 49.bxc5 Qf4+ 50.Qxf4 gxf4 51.h4 Re2 52.Kh3 h5 53.d6 Rd2 54.
Nd7 Kf7 55.Ne5+ Ke6 56.Nf3 Rd5 57.g4 fxg3 58.Ng5+ Kd7 59.Ne4 Re5 60.Nxg3 
Rxc5 61.Ne4 Rxa5 62.Kg3 Ra3+ 63.Kf4 Ra4 64.Ke5 Rxe4+ 65.Kxe4 Kxd6 0-1

[Event "2nd EUR-ch (w)"]
[Site "Warsaw POL"]
[Date "2001.04.22"]
[Round "1.61"]
[White "Berend, Elvira"]
[Black "Hagesather, Ellen"]
[Result "1-0"]
[WhiteElo "2312"]
[BlackElo "2093"]
[EventDate "2001.04.21"]
[PlyCount "81"]

1.e4 g6 2.Nc3 Bg7 3.f4 d6 4.Nf3 Nf6 5.Bc4 O-O 6.Bb3 Nc6 7.O-O Na5 8.Qe1 
Nxb3 9.axb3 c6 10.d3 e5 11.Kh1 Nh5 12.fxe5 dxe5 13.Bg5 Qc7 14.Qh4 f6 15.
Be3 b6 16.d4 Nf4 17.Bxf4 exf4 18.d5 g5 19.Qf2 c5 20.Nb5 Qd7 21.c4 a6 22.
Nc3 Qd6 23.Rae1 h6 24.Ng1 f5 25.Nf3 g4 26.Nh4 Bd7 27.Qxf4 Be5 28.Qd2 f4 
29.Nf5 Bxf5 30.exf5 Rxf5 31.Ne4 Qf8 32.d6 Bd4 33.b4 Be3 34.Qd3 Bd4 35.bxc5
bxc5 36.b4 Be3 37.bxc5 Rc8 38.d7 Rd8 39.c6 Bb6 40.Nd6 Rf6 41.Re8 1-0

[Event "2nd EUR-ch (w)"]
[Site "Warsaw POL"]
[Date "2001.04.22"]
[Round "1.62"]
[White "Baskite, Viktoria"]
[Black "Calzetta Ruiz, Monica"]
[Result "0-1"]
[WhiteElo "2073"]
[BlackElo "2310"]
[EventDate "2001.04.21"]
[PlyCount "68"]

1.e4 c5 2.Nf3 g6 3.d4 Bg7 4.Nc3 cxd4 5.Nxd4 Nc6 6.Nb3 a6 7.Be2 b5 8.O-O 
Nf6 9.Re1 O-O 10.Bf1 Bb7 11.Nc5 Bc8 12.e5 Ne8 13.Bf4 Nc7 14.Bg3 Ne6 15.
N3e4 Bxe5 16.Bxe5 Nxe5 17.Qd5 Nc6 18.Rad1 Qb6 19.c4 d6 20.cxb5 axb5 21.
Nxe6 Bxe6 22.Qxb5 Rfb8 23.Nc3 Bxa2 24.Qg5 Qxb2 25.Nd5 Bxd5 26.Qxd5 Ne5 27.
h3 Qb7 28.Qd4 Qb6 29.Qh4 Ra2 30.Re3 Qa7 31.Kh2 Rbb2 32.Qh6 Rxf2 33.Rxe5 
Rxf1 34.Rxd6 Rxg2+ 0-1

[Event "2nd EUR-ch (w)"]
[Site "Warsaw POL"]
[Date "2001.04.22"]
[Round "1.64"]
[White "Grigoryan, Meri"]
[Black "Popova, Natalia"]
[Result "0-1"]
[WhiteElo "2052"]
[BlackElo "2308"]
[EventDate "2001.04.21"]
[PlyCount "76"]

1.e4 c5 2.f4 d5 3.exd5 Qxd5 4.Nc3 Qd8 5.Nf3 Nf6 6.Ne5 e6 7.Qf3 Be7 8.b3 
Nfd7 9.Bb2 O-O 10.Bd3 f5 11.O-O-O Nxe5 12.fxe5 Nc6 13.Rde1 Rb8 14.g3 Nd4 
15.Qh5 b5 16.Ne2 Nxe2+ 17.Bxe2 a5 18.g4 Bh4 19.Rd1 g6 20.Qh6 f4 21.Bd3 Rf7
22.Rhf1 a4 23.g5 Qxg5 24.Qxg5 Bxg5 25.bxa4 bxa4 26.Ba3 Rc7 27.c3 Bb7 28.
Rg1 Bh6 29.Rdf1 Rd8 30.Bc4 Bd5 31.Bxd5 Rxd5 32.Kc2 Rxe5 33.Re1 Rxe1 34.
Rxe1 Kf7 35.Re4 f3 36.Kd1 Rd7 37.Bc1 f2 38.Ke2 Bxd2 0-1

[Event "2nd EUR-ch (w)"]
[Site "Warsaw POL"]
[Date "2001.04.22"]
[Round "1.65"]
[White "Javakhishvili, Lela"]
[Black "Zawadzka, Magdalena"]
[Result "1-0"]
[WhiteElo "2305"]
[BlackElo "2050"]
[EventDate "2001.04.21"]
[PlyCount "51"]

1.d4 Nf6 2.c4 c5 3.d5 b5 4.cxb5 a6 5.bxa6 Bxa6 6.Nc3 d6 7.Nf3 g6 8.g3 Bg7 
9.Bg2 O-O 10.O-O Nbd7 11.Rb1 Qa5 12.Bd2 Rfb8 13.h3 Ra7 14.Qc2 Ne8 15.b3 
Rab7 16.Rfd1 c4 17.Na4 Qb5 18.b4 Nc7 19.Nc3 Bxc3 20.Bxc3 Nb6 21.e4 Ra7 22.
Qd2 Qe8 23.Nd4 Bb7 24.b5 Na4 25.b6 Nxc3 26.bxa7 1-0

[Event "2nd EUR-ch (w)"]
[Site "Warsaw POL"]
[Date "2001.04.22"]
[Round "1.66"]
[White "Chmielinska, Alicja"]
[Black "Kulish, Irina"]
[Result "1-0"]
[WhiteElo "2047"]
[BlackElo "2302"]
[EventDate "2001.04.21"]
[PlyCount "79"]

1.e4 e5 2.Nf3 Nc6 3.Bc4 Nf6 4.d3 Be7 5.O-O O-O 6.Bb3 d6 7.c3 Na5 8.Bc2 c5 
9.Nbd2 Re8 10.Re1 Bf8 11.Nf1 h6 12.Ng3 Nc6 13.h3 g6 14.d4 Qc7 15.Be3 Bd7 
16.Qd2 Kh7 17.Rad1 Na5 18.b3 Rac8 19.dxc5 dxc5 20.Qc1 b6 21.Nh2 Be6 22.h4 
Bg7 23.f3 Nc6 24.Nhf1 Rcd8 25.Bf2 Rxd1 26.Rxd1 Rd8 27.Ne3 h5 28.Bd3 Bh6 
29.Qc2 Rd6 30.Nc4 Rd7 31.Nf1 Bf8 32.Nfe3 b5 33.Nb2 a6 34.a4 Qb7 35.axb5 
axb5 36.Ra1 Be7 37.Kh1 Rd8 38.Kg1 Kg7 39.Kh1 Rb8 40.Ned1 1-0

[Event "2nd EUR-ch (w)"]
[Site "Warsaw POL"]
[Date "2001.04.22"]
[Round "1.67"]
[White "Reizniece, Dana"]
[Black "Pokojska, Daria"]
[Result "1-0"]
[WhiteElo "2301"]
[BlackElo "2037"]
[EventDate "2001.04.21"]
[PlyCount "71"]

1.c4 f5 2.Nc3 Nf6 3.g3 g6 4.Bg2 Bg7 5.Nf3 O-O 6.O-O d6 7.d4 Nbd7 8.d5 e5 
9.dxe6 Nc5 10.Ng5 Nxe6 11.Bxb7 Rb8 12.Bg2 h6 13.Nxe6 Bxe6 14.Qd3 Kh7 15.b3
Nd7 16.Bb2 Ne5 17.Qc2 f4 18.Nd5 f3 19.exf3 Bf5 20.Qd1 Nxf3+ 21.Qxf3 Bxb2 
22.Rae1 Be5 23.Qe3 c5 24.Kh1 Rf7 25.f4 Bd4 26.Qd2 a5 27.h3 Bc8 28.Re2 Ba6 
29.Rfe1 a4 30.Qc2 axb3 31.axb3 Bb7 32.Re6 Qg8 33.Ne7 Bxg2+ 34.Kxg2 Rxe7 
35.Rxe7+ Kh8 36.R1e6 1-0

[Event "2nd EUR-ch (w)"]
[Site "Warsaw POL"]
[Date "2001.04.22"]
[Round "1.68"]
[White "Ornstein, Petra"]
[Black "Lagvilava, Genrieta"]
[Result "0-1"]
[WhiteElo "2035"]
[BlackElo "2300"]
[EventDate "2001.04.21"]
[PlyCount "54"]

1.e4 c6 2.d4 d5 3.e5 Bf5 4.h4 Qb6 5.Nc3 Na6 6.Na4 Qa5+ 7.c3 b5 8.Nc5 Nxc5 
9.b4 Qa4 10.dxc5 Qxd1+ 11.Kxd1 a5 12.Ne2 g6 13.Nd4 Bd7 14.f3 h5 15.Bd3 Nh6
16.e6 fxe6 17.Bxg6+ Kd8 18.Re1 Bg7 19.Nxe6+ Bxe6 20.Rxe6 Kd7 21.Re3 axb4 
22.Bb2 bxc3 23.Bxc3 Bxc3 24.Rxc3 Rhg8 25.Bxh5 Rxg2 26.Re3 Ra4 27.Rc1 Rd4+ 
0-1

[Event "2nd EUR-ch (w)"]
[Site "Warsaw POL"]
[Date "2001.04.22"]
[Round "1.69"]
[White "Kiseleva, Natalia"]
[Black "Morkunaite, Egle"]
[Result "1-0"]
[WhiteElo "2296"]
[BlackElo "2028"]
[EventDate "2001.04.21"]
[PlyCount "89"]

1.d4 Nf6 2.c4 g6 3.g3 Bg7 4.Bg2 O-O 5.Nf3 d6 6.O-O c5 7.d5 e5 8.dxe6 fxe6 
9.Nc3 Nc6 10.Bg5 h6 11.Bxf6 Bxf6 12.Qd3 Kh7 13.Rad1 Nd4 14.Ne1 h5 15.Be4 
Rg8 16.Ng2 e5 17.e3 Nf5 18.Bxf5 Bxf5 19.Qxd6 Qxd6 20.Rxd6 Be7 21.Rd5 e4 
22.Nf4 Kh6 23.Kg2 Rgd8 24.h3 Bf8 25.Rfd1 Be7 26.Nxh5 Be6 27.Re5 Bxc4 28.
Rxd8 Bxd8 29.Nf4 b6 30.Rxe4 Bf7 31.Ne6 g5 32.Nxd8 Rxd8 33.Re7 Kg6 34.h4 
gxh4 35.gxh4 Rd2 36.h5+ Kf6 37.Rxa7 Bd5+ 38.Kg3 Bh1 39.h6 Kg6 40.h7 Rd8 
41.e4 b5 42.f3 b4 43.Nd5 Rh8 44.Nf4+ Kh6 45.Nd3 1-0

[Event "2nd EUR-ch (w)"]
[Site "Warsaw POL"]
[Date "2001.04.22"]
[Round "1.70"]
[White "Apanaviciute, Kristina"]
[Black "Olarasu, Gabriela"]
[Result "0-1"]
[WhiteElo "2019"]
[BlackElo "2278"]
[EventDate "2001.04.21"]
[PlyCount "74"]

1.e4 e5 2.Bc4 Nf6 3.d3 d6 4.Nf3 Be7 5.O-O O-O 6.c3 c6 7.h3 Nbd7 8.Re1 b5 
9.Bb3 a5 10.a4 Nc5 11.axb5 cxb5 12.Bc2 Bb7 13.Nbd2 Ne6 14.d4 exd4 15.cxd4 
Qb6 16.Nf1 d5 17.e5 Ne4 18.Ng3 Nxg3 19.fxg3 f5 20.Kh1 a4 21.Be3 g6 22.Rf1 
Rfc8 23.Bd3 Bc6 24.Qd2 b4 25.Qf2 Bb5 26.Bxb5 Qxb5 27.Qd2 b3 28.Rfc1 a3 29.
Rxc8+ Rxc8 30.bxa3 Bxa3 31.Rb1 b2 32.Qd1 Rc3 33.Bd2 Rd3 34.Qe2 Qc4 35.Be3 
Rb3 36.Qxc4 dxc4 37.Kh2 Rxe3 0-1

[Event "2nd EUR-ch (w)"]
[Site "Warsaw POL"]
[Date "2001.04.23"]
[Round "2.1"]
[White "Petrenko, Svetlana"]
[Black "Galliamova, Alisa"]
[Result "1-0"]
[WhiteElo "2336"]
[BlackElo "2554"]
[EventDate "2001.04.21"]
[PlyCount "65"]

1.e4 c5 2.Nf3 Nc6 3.d4 cxd4 4.Nxd4 Nf6 5.Nc3 d6 6.Be2 e5 7.Nb3 Be7 8.O-O 
O-O 9.Kh1 a5 10.a4 Nb4 11.f4 b6 12.f5 Bb7 13.Bf3 h6 14.Qe2 Rc8 15.Rd1 Re8 
16.Be3 d5 17.Qf2 d4 18.Nxd4 exd4 19.Bxd4 Nd7 20.f6 Bd6 21.Bh5 Be5 22.fxg7 
Qf6 23.Bg4 Bxd4 24.Qxd4 Ne5 25.Bxc8 Bxc8 26.Nd5 Qh4 27.Rf1 Nxc2 28.Qg1 
Kxg7 29.Rac1 Nb4 30.Qxb6 Be6 31.Nf6 Re7 32.Qd8 Nbc6 33.Qg8# 1-0

[Event "2nd EUR-ch (w)"]
[Site "Warsaw POL"]
[Date "2001.04.23"]
[Round "2.3"]
[White "Peptan, Corina-Isabela"]
[Black "Kosintseva, Tatiana"]
[Result "1/2-1/2"]
[WhiteElo "2461"]
[BlackElo "2333"]
[EventDate "2001.04.21"]
[PlyCount "184"]

1.e4 c5 2.Nf3 Nc6 3.d4 cxd4 4.Nxd4 g6 5.c4 Bg7 6.Be3 Nf6 7.Nc3 O-O 8.Be2 
d6 9.O-O Bd7 10.Qd2 Nxd4 11.Bxd4 Bc6 12.f3 a5 13.b3 Nd7 14.Be3 Nc5 15.Rac1
Qb6 16.Rfd1 Rfc8 17.Nb5 Qd8 18.Bf1 Qf8 19.Nd4 Bf6 20.g3 Bd7 21.Bg2 Qg7 22.
f4 Bg4 23.Re1 Rd8 24.Nb5 Qf8 25.Nc7 Rac8 26.Nd5 Bg7 27.Rc2 Ra8 28.h3 Be6 
29.Nc7 Ra7 30.Rd1 b6 31.Nb5 Raa8 32.Qf2 Rab8 33.Nc3 Bd7 34.Nd5 e6 35.Nc3 
Bc6 36.Bd4 e5 37.fxe5 Bxe5 38.Nd5 Bxd5 39.exd5 Bxd4 40.Qxd4 Re8 41.Rf2 Re5
42.Rdf1 Rbe8 43.h4 Re1 44.h5 Rxf1+ 45.Rxf1 Re5 46.hxg6 hxg6 47.Rf4 Qe7 48.
Rh4 Qg5 49.Kh2 Kg7 50.a3 Qe3 51.b4 axb4 52.axb4 Qxd4 53.Rxd4 Na6 54.Rd2 
Rh5+ 55.Kg1 Rg5 56.Kh2 Rh5+ 57.Kg1 Rg5 58.Kh2 Rh5+ 59.Kg1 Rg5 60.Kh2 Rh5+ 
61.Kg1 Rg5 62.Ra2 Nxb4 63.Rb2 Nd3 64.Rxb6 Rxg3 65.Rb3 f5 66.Kh2 f4 67.Bf1 
Nc5 68.Rxg3 fxg3+ 69.Kxg3 Kf6 70.Kf4 g5+ 71.Kg4 Nd7 72.Kf3 Ne5+ 73.Ke4 Nd7
74.Bh3 Nc5+ 75.Kd4 Ke7 76.Ke3 Na6 77.Ke4 Kf6 78.Kd4 Nc5 79.Bc8 Kf7 80.Ke3 
Kg6 81.Bg4 Kf6 82.Kd4 Kg6 83.Ke3 Nb3 84.Kd3 Kf6 85.Kc3 Nc5 86.Kd4 Ke7 87.
Bf5 Nb3+ 88.Kc3 Nc5 89.Kd4 Kf6 90.Bc8 Nb3+ 91.Ke3 Nc5 92.Kd4 Kg6 1/2-1/2

[Event "2nd EUR-ch (w)"]
[Site "Warsaw POL"]
[Date "2001.04.23"]
[Round "2.4"]
[White "Cosma, Elena-Luminita"]
[Black "Zhukova, Natalia"]
[Result "0-1"]
[WhiteElo "2331"]
[BlackElo "2463"]
[EventDate "2001.04.21"]
[PlyCount "84"]

1.d4 Nf6 2.Nf3 c5 3.d5 b5 4.Bg5 Ne4 5.Bh4 Bb7 6.Qd3 f5 7.Nbd2 c4 8.Qd4 Na6
9.Nxe4 fxe4 10.Qxe4 Nb4 11.c3 Nxd5 12.Qd4 Qb6 13.e4 Nf4 14.Bg3 Ne6 15.Qxb6
axb6 16.Nd2 g6 17.Be5 Rg8 18.Be2 d6 19.Bg3 Bg7 20.O-O Bh6 21.Nf3 Bxe4 22.
a4 Bd3 23.Bxd3 cxd3 24.axb5 Kf7 25.h4 Nc5 26.Rad1 Rgc8 27.Ng5+ Bxg5 28.
hxg5 Ra2 29.b4 Ne4 30.Rxd3 Rxc3 31.Rxc3 Nxc3 32.Kh2 Rb2 33.Rc1 Nd5 34.Rd1 
Ke6 35.Re1+ Kd7 36.Rd1 e6 37.Ra1 Rxb4 38.Ra8 Rxb5 39.Rh8 e5 40.Rxh7+ Ke6 
41.Rg7 Ne7 42.f3 Rb1 0-1

[Event "2nd EUR-ch (w)"]
[Site "Warsaw POL"]
[Date "2001.04.23"]
[Round "2.5"]
[White "Korbut, Ekaterina"]
[Black "Kachiani-Gersinska, Ketino"]
[Result "1-0"]
[WhiteElo "2330"]
[BlackElo "2456"]
[EventDate "2001.04.21"]
[PlyCount "51"]

1.e4 c6 2.d4 d5 3.Nc3 dxe4 4.Nxe4 Bf5 5.Ng3 Bg6 6.h4 h6 7.Nf3 Nd7 8.h5 Bh7
9.Bd3 Bxd3 10.Qxd3 Qc7 11.Bd2 Ngf6 12.O-O-O e6 13.Ne4 Be7 14.Kb1 Rd8 15.
Nxf6+ Nxf6 16.Ne5 Qb6 17.Qg3 Qxd4 18.Qxg7 Rh7 19.Qg3 Rd5 20.Nf3 Qb6 21.c4 
Ba3 22.b3 Rd3 23.Kc2 Ne4 24.Qg8+ Bf8 25.Qxh7 Nxf2 26.Ne5 1-0

[Event "2nd EUR-ch (w)"]
[Site "Warsaw POL"]
[Date "2001.04.23"]
[Round "2.6"]
[White "Khukhashvili, Sopiko"]
[Black "Matveeva, Svetlana"]
[Result "1/2-1/2"]
[WhiteElo "2326"]
[BlackElo "2430"]
[EventDate "2001.04.21"]
[PlyCount "205"]

1.e4 e6 2.d4 d5 3.exd5 exd5 4.Nf3 Nc6 5.Bb5 Bd6 6.c4 dxc4 7.d5 a6 8.Ba4 b5
9.dxc6 bxa4 10.O-O Ne7 11.Qxa4 O-O 12.Nbd2 c3 13.bxc3 Qe8 14.Ne4 Qxc6 15.
Qxc6 Nxc6 16.Nxd6 cxd6 17.Bf4 d5 18.Rab1 Be6 19.Rfe1 h6 20.h3 Rfc8 21.Bd6 
Na7 22.Nd4 Nb5 23.Nxb5 axb5 24.Re3 Rxa2 25.Rxb5 d4 26.cxd4 Rc1+ 27.Kh2 
Rxf2 28.d5 Bf5 29.Bc5 Ra2 30.Bd4 Rc4 31.Bc3 Be4 32.Bb2 Bxd5 33.Rg3 g5 34.
Be5 Bc6 35.Rb2 Rxb2 36.Bxb2 Rc2 37.Bd4 f5 38.Kg1 f4 39.Rc3 Rxg2+ 40.Kf1 
Bb7 41.Rc7 Be4 42.Re7 Bf3 43.Rg7+ Kf8 44.Rg6 Rg3 45.Rxh6 Bg2+ 46.Kf2 Bxh3 
47.Be5 Rg2+ 48.Ke1 Rg1+ 49.Kd2 Rg2+ 50.Ke1 Bg4 51.Bxf4 gxf4 52.Rf6+ Ke7 
53.Rxf4 Be6 54.Rf2 Rg3 55.Kd2 Kd6 56.Re2 Bd5 57.Re3 Rg4 58.Rc3 Ke5 59.Ke3 
Rg2 60.Rd3 Be4 61.Rc3 Rh2 62.Rc4 Rh3+ 63.Kd2 Kd5 64.Rc3 Rh1 65.Rc1 Rh5 66.
Ra1 Rh3 67.Ra5+ Kd4 68.Ra4+ Ke5 69.Rc4 Kf4 70.Rc5 Rd3+ 71.Ke2 Rd4 72.Rc3 
Ra4 73.Kd2 Ra2+ 74.Kd1 Ke5 75.Rc4 Kd5 76.Rb4 Bd3 77.Kc1 Rc2+ 78.Kd1 Rh2 
79.Rf4 Ke5 80.Rb4 Be4 81.Kc1 Rc2+ 82.Kd1 Rf2 83.Kc1 Bd3 84.Kd1 Kd5 85.Ke1 
Re2+ 86.Kd1 Rh2 87.Rf4 Be4 88.Ke1 Kd4 89.Rf2 Rh1+ 90.Kd2 Ra1 91.Ke2 Ra3 
92.Kd2 Bf3 93.Ke1 Ke3 94.Re2+ Kf4 95.Rb2 Rd3 96.Rd2 Re3+ 97.Kf2 Be4 98.Rb2
Rf3+ 99.Ke2 Rh3 100.Kd2 Rd3+ 101.Ke2 Rd4 102.Kf2 Rd5 103.Re2 1/2-1/2